000 00546ntaaa2200193 4500
003 01
005 20251027201723.0
008 0714s1973 ag 01
040 _aAR-BaBN
_bspa
_cAR-BaBN
_eaacr
_dRIC
082 _a234.2000 B15
100 _aBaillie, D.M.
_915238
245 _aFaith in God and its christian consummation
250 _a1 ed.
260 _aEdinburgh :
_bT T Clark,
_c1927
300 _a314 p
500 _aThe Kerr Lectures for 1926, Glasgow College of the United Free Church (Presbyterian)
650 _afe
_91848
942 _cBK
999 _c11872
_d11872